An Introduction to Game Theory (Record no. 541228)

000 -LEADER
fixed length control field 01230cam a22003134a 4500
001 - CONTROL NUMBER
control field 13103389
003 - CONTROL NUMBER IDENTIFIER
control field NUST
005 - DATE AND TIME OF LATEST TRANSACTION
control field 20210112124419.0
008 - FIXED-LENGTH DATA ELEMENTS--GENERAL INFORMATION
fixed length control field 030225s2004 nyua b 001 0 eng
010 ## - LIBRARY OF CONGRESS CONTROL NUMBER
LC control number 2003042981
020 ## - INTERNATIONAL STANDARD BOOK NUMBER
International Standard Book Number 9780195322484 (paper back)
038 ## - RECORD CONTENT LICENSOR
Staff Name SNS Library Staff
040 ## - CATALOGING SOURCE
Original cataloging agency DLC
Transcribing agency DLC
Modifying agency DLC
042 ## - AUTHENTICATION CODE
Authentication code pcc
050 00 - LIBRARY OF CONGRESS CALL NUMBER
Classification number QA269
Item number .O78 2004
082 00 - DEWEY DECIMAL CLASSIFICATION NUMBER
Classification number 519.3 OSB 2009
Edition number 21
Author Mark OSB
100 1# - MAIN ENTRY--PERSONAL NAME
Personal name Osborne, Martin J.
9 (RLIN) 35589
245 13 - TITLE STATEMENT
Title An Introduction to Game Theory
Statement of responsibility, etc. Martin J. Osborne.
260 ## - PUBLICATION, DISTRIBUTION, ETC.
Place of publication, distribution, etc. New York :
Name of publisher, distributor, etc. Oxford University Press,
Date of publication, distribution, etc. c2004.
300 ## - PHYSICAL DESCRIPTION
Extent xvii, 533 p. :
Other physical details ill. ;
Dimensions 25 cm..
440 ## - SERIES STATEMENT/ADDED ENTRY--TITLE
Title An Introduction to Game Theory
9 (RLIN) 35590
504 ## - BIBLIOGRAPHY, ETC. NOTE
Bibliography, etc. note Includes bibliographical references (p. 507-524) and index.
650 #0 - SUBJECT ADDED ENTRY--TOPICAL TERM
Topical term or geographic name entry element Game theory.
9 (RLIN) 35591
856 42 - ELECTRONIC LOCATION AND ACCESS
Materials specified Publisher description
Uniform Resource Identifier <a href="http://www.loc.gov/catdir/enhancements/fy0614/2003042981-d.html">http://www.loc.gov/catdir/enhancements/fy0614/2003042981-d.html</a>
856 41 - ELECTRONIC LOCATION AND ACCESS
Materials specified Table of contents only
Uniform Resource Identifier <a href="http://www.loc.gov/catdir/enhancements/fy0614/2003042981-t.html">http://www.loc.gov/catdir/enhancements/fy0614/2003042981-t.html</a>
906 ## - LOCAL DATA ELEMENT F, LDF (RLIN)
a 7
b cbc
c orignew
d 1
e ocip
f 20
g y-gencatlg
942 ## - ADDED ENTRY ELEMENTS (KOHA)
Source of classification or shelving scheme
Koha item type Book
Call number prefix 519.3 OSB 2009
Holdings
Withdrawn status Lost status Source of classification or shelving scheme Damaged status Not for loan Permanent Location Current Location Date acquired Full call number Barcode Date last seen Price effective from Koha item type
          School of Natural Sciences (SNS) School of Natural Sciences (SNS) 10/28/2020 519.3 OSB 2009 SNS0003194 01/12/2021 01/12/2021 Book
© 2023 Central Library, National University of Sciences and Technology. All Rights Reserved.